Toward victorious Afro-American national liberation (Record no. 124572)
[ view plain ]
| 000 -LEADER | |
|---|---|
| fixed length control field | 00416nam a22001337a 4500 |
| 008 - FIXED-LENGTH DATA ELEMENTS--GENERAL INFORMATION | |
| fixed length control field | 160412b xxu||||| |||| 00| 0 eng d |
| 050 ## - LIBRARY OF CONGRESS CALL NUMBER | |
| Classification number | E184.7.T737 |
| 100 ## - MAIN ENTRY--PERSONAL NAME | |
| Personal name | Light, Ray O. |
| 9 (RLIN) | 23694 |
| 245 ## - TITLE STATEMENT | |
| Title | Toward victorious Afro-American national liberation |
| Statement of responsibility, etc | Ray O. Light |
| 260 ## - PUBLICATION, DISTRIBUTION, ETC. (IMPRINT) | |
| Place of publication, distribution, etc | Boston |
| Name of publisher, distributor, etc | Ray O. Light |
| Date of publication, distribution, etc | 1982 |
| 300 ## - PHYSICAL DESCRIPTION | |
| Extent | xxxii, 421p. ; |
| Dimensions | 22cm. |
| 650 ## - SUBJECT ADDED ENTRY--TOPICAL TERM | |
| Topical term or geographic name as entry element | Afro-Americans |
| General subdivision | History |
| 9 (RLIN) | 23695 |
| 942 ## - ADDED ENTRY ELEMENTS (KOHA) | |
| Source of classification or shelving scheme | Library of Congress Classification |
| Item type | Monograph ( Printed materials) |
| Withdrawn status | Lost status | Source of classification or shelving scheme | Damaged status | Not for loan | Collection code | Home library | Current library | Shelving location | Date acquired | Total Checkouts | Full call number | Barcode | Date last seen | Price effective from | Koha item type |
|---|---|---|---|---|---|---|---|---|---|---|---|---|---|---|---|
| Library of Congress Classification | Main Collection | ARRUPE LIBRARY | ARRUPE LIBRARY | Main Collection | 12/04/2016 | E184.7.T737 | 46500006952 | 13/12/2017 | 12/04/2016 | Monograph ( Printed materials) |